A royal statue reattributed /

محفوظ في:

المؤلف الرئيسي: Davies, W. V. (مؤلف)

مؤلف مشترك: British Museum. Department of Egyptian and Assyrian Antiquities.

التنسيق: كتاب

اللغة: English

سلاسل: Occasional paper (British Museum) ; 28.

الموضوعات:

الوسوم: إضافة وسم

لا توجد وسوم, كن أول من يضع وسما على هذه التسجيلة!

رقم الطلب: DT59 .B766x 1981

LEADER 01351namaa2200337 4500
001 19089
003 OSt
005 20201129103837.0
008 130303s1981 enka g bc 000 0 eng d
952 |0 0  |1 0  |2 lcc  |4 0  |6 DT0059 B766 X1981  |7 1  |9 7983  |a ARCE  |b ARCE  |d 2020-11-29  |l 0  |o DT59 .B766x 1981  |p 1012784  |r 2020-11-29 00:00:00  |w 2020-11-29  |y BK 
999 |c 16100  |d 16100 
020 |a 0861590287 
040 |c ARCE Library 
043 |a f-ua--- 
050 0 4 |a DT59 .B766x 1981 
100 1 |a Davies, W. V.,  |e author 
245 1 2 |a A royal statue reattributed /  |c W. V. Davies.  
264 1 |a London :   |b British Museum,   |c 1981.  
300 |a 56 pages :   |b illustrations ;   |c 30 cm. 
336 |a text  |b txt  |2 rdacontent 
337 |a unmediated  |b n  |2 rdamedia 
338 |a volume  |b nc  |2 rdacarrier 
490 1 |a British Museum occasional papers ;   |v 28. 
500 |a The statue numbered 871 in the Egyptian collection of the British Museum has long been regarded as a representation of Sobkhotpe III the corrected reading yields the 'prenomen' of Sobkemsaf I" 
504 |a Includes bibliographical references.  
650 0 |a Sculpture, Egyptian  |v Catalogs. 
651 0 |a Egypt  |x Antiquities. 
710 2 |a British Museum.  |b Department of Egyptian and Assyrian Antiquities. 
830 0 |a Occasional paper (British Museum) ;   |v 28. 
901 |a reviewed 
942 |c BK  |2 lcc